Bioethics and moral decisions / (Record no. 14050)
[ view plain ]
| 000 -LEADER | |
|---|---|
| fixed length control field | 00753nam a22002655a 4500 |
| 001 - CONTROL NUMBER | |
| control field | 16301713 |
| 003 - CONTROL NUMBER IDENTIFIER | |
| control field | OSt |
| 005 - DATE AND TIME OF LATEST TRANSACTION | |
| control field | 20140310182524.0 |
| 008 - FIXED-LENGTH DATA ELEMENTS--GENERAL INFORMATION | |
| fixed length control field | 100625s2007 ph b 001 0 eng |
| 010 ## - LIBRARY OF CONGRESS CONTROL NUMBER | |
| LC control number | 2010338604 |
| 020 ## - INTERNATIONAL STANDARD BOOK NUMBER | |
| International Standard Book Number | 9789715846257 |
| 040 ## - CATALOGING SOURCE | |
| Original cataloging agency | DLC |
| Transcribing agency | DLC |
| 042 ## - AUTHENTICATION CODE | |
| Authentication code | lcode |
| 043 ## - GEOGRAPHIC AREA CODE | |
| Geographic area code | a-ph--- |
| 050 ## - LIBRARY OF CONGRESS CALL NUMBER | |
| Classification number | R 724 |
| Item number | .T583 2007 |
| 100 1# - MAIN ENTRY--PERSONAL NAME | |
| Personal name | Timbreza, Florentino T. |
| 9 (RLIN) | 8673 |
| 245 10 - TITLE STATEMENT | |
| Title | Bioethics and moral decisions / |
| Statement of responsibility, etc | Florentino T. Timbreza. |
| 260 ## - PUBLICATION, DISTRIBUTION, ETC. (IMPRINT) | |
| Place of publication, distribution, etc | Quezon City : |
| Name of publisher, distributor, etc | C & E Pub., |
| Date of publication, distribution, etc | c2007. |
| 300 ## - PHYSICAL DESCRIPTION | |
| Extent | 306 p. : |
| Dimensions | 22 cm. |
| 500 ## - GENERAL NOTE | |
| General note | Includes bibliographical references and index. |
| 906 ## - LOCAL DATA ELEMENT F, LDF (RLIN) | |
| a | 7 |
| b | par |
| c | origode |
| d | 3 |
| e | ncip |
| f | 20 |
| g | y-gencatlg |
| 942 ## - ADDED ENTRY ELEMENTS (KOHA) | |
| Source of classification or shelving scheme | Library of Congress Classification |
| Koha item type | |
| Withdrawn status | Lost status | Source of classification or shelving scheme | Damaged status | Home library | Current library | Shelving location | Date acquired | Total Checkouts | Full call number | Barcode | Date last seen | Date checked out | Copy number | Price effective from | Koha item type |
|---|---|---|---|---|---|---|---|---|---|---|---|---|---|---|---|
| Library of Congress Classification | South SEED-LPDH College Library | South SEED-LPDH College Library | South SEED-LPDH College Section | 08/12/2013 | 1 | R 724 .T583 2007 | SSLC1201 | 04/20/2017 | 11/22/2016 | 1 | 08/12/2013 | Books |